000 00814nam a2200277 a 4500
001 38494
003 BD-RjUL
005 20211209052816.0
008 151221s1965 xx 000 0 eng
035 _a(BD-RjUL)38599
035 _a(OCoLC)
040 _aDLC
_cMeWC
_dUk
_dDLC
_beng
041 _aeng
082 _a327.42062
_223
_bMAA 1965
100 1 _aMarlowe, John
_9118851
245 1 0 _aAnglo-Egyptian relations, 1800-1956 /
_cJohn Marlowe
250 _a2d ed.
260 _aLondon
_bF. Cass,
_c1965.
300 _a468 p. ;
_c22 cm.
504 _aBibliography: p. 433-[435]
651 0 _aEgypt
_xHistory
_y1798-
_9118852
651 0 _aEgypt
_xForeign relations
_zGreat Britain.
_9118853
651 0 _aGreat Britain
_xForeign relations
_zEgypt.
_9118854
942 _2ddc
_cBK
_01
999 _c38494
_d38494